World bank lending for lines of credit <an> IEG evaluation

Salvato in:
Dettagli Bibliografici
Natura: Libro
Lingua:inglese
Pubblicazione: Washington, D.C. <The> World Bank 2006
Soggetti:
Tags: Aggiungi Tag
Nessun Tag, puoi essere il primo ad aggiungerne!!

MARC

LEADER 00000nam$a2200000$$$4500
001 0044396
005 20240315115758.6
020 |a 0-8213-6654-8 
041 0 |a eng 
044 |a US 
245 1 0 |a World bank lending for lines of credit  |b <an> IEG evaluation 
264 1 |a Washington, D.C.  |b <The> World Bank  |c 2006 
300 |a 80 s. 
610 2 0 |a banky 
610 2 0 |a pôžičky 
610 2 0 |a úver 
610 2 0 |a zdroje finančné 
610 2 0 |a vývoj 
610 2 0 |a sektory hospodárske 
610 2 0 |a politika finančná 
610 2 0 |a záväzky 
610 2 0 |a splátky 
610 2 0 |a projekty 
610 2 0 |a financovanie 
610 2 0 |a organizácie finančné 
610 2 0 |a sektor súkromný 
610 2 0 |a portfólio 
610 2 0 |a Svetová banka